| 000 | 00648nam a22001817a 4500 | ||
|---|---|---|---|
| 005 | 20120615114113.0 | ||
| 020 | _cRs.250.00 (pbk) | ||
| 035 | _aB-98756 | ||
| 037 |
_aDPL _bENG |
||
| 100 |
_aParanjape, N.V. _949142 |
||
| 245 |
_aCriminology and penology / _cby N.V. Paranjape |
||
| 250 | _a12th ed. | ||
| 260 |
_aAllahabad _bCentral Law Publications _c2005 |
||
| 300 |
_axxviii, 660p. _c20 cms. |
||
| 942 |
_2ddc _cEN _h364 _mPAR |
||
| 999 |
_c67967 _d67967 |
||